Statistics for O Come All Ye Faithful Lyrics

Click here to take the quiz!

General Stats

  • This quiz has been taken 108 times
  • The average score is 10 of 15

Answer Stats

Lyrics% Correct
O Come All Ye {Faithful}
100%
O come, let us {adore} Him,
96%
O come ye, O come ye to {Bethlehem}.
96%
Joyful and {triumphant},
94%
Born the {King} of Angels;
91%
{Christ} the Lord.
91%
{Sing} in exultation,
78%
Come and {behold} Him,
70%
O Sing, {choirs} of angels,
61%
Born this happy {morning},
51%
All Hail! {Lord}, we greet Thee,
46%
Word of the Father, now in flesh {appearing};
33%
Give to our {Father} glory in the Highest;
26%
Sing all that hear in {heaven} God's holy word.
19%
O Jesus! for evermore be Thy name {adored}.
6%

Score Distribution

Percentile by Number Answered

Percent of People with Each Score

Your Score History

You have not taken this quiz